| 000 | 01557nam0a2200337 4500 | ||
|---|---|---|---|
| 001 | RU\NLR\bibl\95668 | ||
| 005 | 20260406043736.0 | ||
| 010 | _a5-88010-071-5 | ||
| 021 |
_aRU _b2000-8221 _9414 |
||
| 035 | _a(NLR Aleph) 000093505 | ||
| 090 |
_a525437 _c525437 |
||
| 100 | _a20000704d1999 |||y0rusy50 ca | ||
| 101 | 0 | _arus | |
| 102 | _aRU | ||
| 105 | _aa ||||||||| | ||
| 200 | 1 |
_aСлово, пронесенное сквозь ад _fАлександр Проханов, Геннадий Животов, Евгений Нефедов _g[Альбом] |
|
| 210 |
_aМ. _cИТРК _d1999 |
||
| 215 |
_a271 с. _cил. _d22 |
||
| 604 |
_1200#1$aЖивотов$bГ.В.$gГеннадий В. _12350#$aКарикатуры _aЖивотов, Геннадий В. _tКарикатуры _jАльбомы _3RU\NLR\AUTH\661305659 _92170460 |
||
| 607 |
_aРоссийская Федерация _xПолитические процессы _92073289 _3RU\NLR\auth\661248178 |
||
| 686 | _aФ3(2)3 | ||
| 686 | _aЩ153(2Р=Рус)7-8Животов | ||
| 700 | 1 |
_4070 _8rus _7ca _aПроханов _bА. А. _f1938- _gАлександр Андреевич _3RU\NLR\auth\7718084 _91167 |
|
| 701 | 1 |
_aЖивотов _bГ. В. _gГеннадий Васильевич _4070 |
|
| 701 | 1 |
_4070 _8rus _7ca _aНефедов _bЕ. А. _gЕвгений Андреевич _3RU\NLR\auth\773732 _9113724 |
|
| 801 | 0 |
_aRU _bNLR _c20000704 _gPSBO |
|
| 801 | 1 |
_aRU _bNLR _c20000704 |
|
| 852 |
_aNLR _j2000-5/1498 |
||
| 942 | _cBOOK | ||
| 980 | _aNB | ||